000 00653cam a2200217 4500
001 ABS61673
008 000000n1999 000 0 eng u
035 _a(Sirsi) u103170
100 _aBenyon, L
245 _aOne for the road
260 _c1999
490 _aProperty Week
_v 64(45) 19 November 1999, 42-54(7)
520 _aFeature on roadside developments, such as hospitality chains, filling stations and car sales outlets.
590 _aABS
650 _aROADSIDE DEVELOPMENT
650 _aHOSPITALITY INDUSTRY
650 _aMOTOR TRADE
650 _aDRIVE-THROUGH RESTAURANTS
690 _aPROPERTY-PROPERTY DEVELOPMENT
942 _n0
999 _c62008
_d62008